Largest Cities In New Hampshire - Statistics

General Stats
  • This quiz has been taken 33 times
  • The average score is 4 of 7
Answer Stats
Pop. City % Correct
43,019 Concord
91%
111,196 Manchester
91%
88,341 Nashua
73%
21,796 Portsmouth
64%
22,949 Keene
45%
31,398 Dover
32%
30,797 Rochester
32%
No matching quizzes found
Score Distribution
Percent of People with Each Score
Percentile by Number Answered
Your Score History
You have not taken this quiz